000 00392nam a22001697a 4500
005 20160521110025.0
008 160521b xxu||||| |||| 00| 0 eng d
020 _a81-76490209-6
041 _aeng
082 _b3705
100 _aL.M. Groud
_9930
245 _aPrinciples of Welding Techonology
260 _bviva B.
300 _a263
650 _aDIPLOMA ENGINEERING
_9817
942 _cBK
999 _c1270
_d1270